000
00323nam a2200133Ia 4500
008
240624s9999 xx 000 0 und d
041
_a
eng
082
_a
658.4052 KEN
100
_a
KENNEDY GAVIN
245
_a
ESSENTIAL NEGOTIATION
260
_c
2004
_a
London
_b
The Economist
300
_a
vi, : 234 : cm. ; 21
365
_c
RS
999
_c
2143
_d
2143